000 00476nam a2200181Ia 4500
008 240925s9999 xx 000 0 und d
020 _a9789332542891
082 _a530.12 GRI
100 _aGriffiths, David J.
245 0 _aIntroduction to Quantum Mechanics
250 _a2nd
260 _aIndia:
_bPearson Education
_c,2018.
300 _a730p.
_bNA
_fOriginal
500 _aIncludes Index
600 _aHumanities & Natural Science
650 _aPhysics
942 _cBK
999 _c16310
_d16310